Word Ladder: 'Heart' Music Quiz Stats

Quiz Updated Feb 14, 2016

Challenge
Share
Tweet
Embed
Score 0/23 Timer 03:00
1 Play Today
Clue 5-Letter Word % Correct
Opposite of tallSHORT
98.4%
Pfeiffer/Redford movie: 'Up _____ & Personal'CLOSE
97.7%
SelectedCHOSE
97.1%
Land bordering waterSHORE
97%
Laundry, dishes, or sweeping, e.g.CHORE
96.9%
Baseball or hockey, e.g.SPORT
96%
Dolly the sheep, for exampleCLONE
94%
TerrifySCARE
91.4%
Cease a missionABORT
85.7%
♫ Heart song: 'What _____ Love' ♫♫ ABOUT ♫
85.4%
To make amends for sinsATONE
83.9%
♫ Heart song: '_____' ♫♫ ALONE ♫
83.8%
Clue 5-Letter Word % Correct
To the left, on a boatAPORT
83.1%
Pastry with tea or at the county fairSCONE
81.8%
14 poundsSTONE
80%
Steeple, or the pointed roof of a towerSPIRE
73.6%
Where Bilbo and Frodo livedSHIRE
71.9%
♫ Heart lyric: '_____ a little candle, save some light for me'♫ SPARE ♫
64.4%
♫ Heart song: 'Will You Be _____ (In the Morning)' ♫♫ THERE ♫
63.1%
Village in SurreySHERE
53%
♫ Heart song: '_____ Dreams' ♫♫ THESE ♫
52.3%
Extent or possibilitySCOPE
51.2%
Flower stalkSCAPE
49.4%

Today's Daily Dose

You're not logged in!

Compare scores with friends on all Sporcle quizzes.
Sign Up with Email
OR
Log In

You Might Also Like...

Show Comments

Extras

Top Quizzes Today


Score Distribution

Your Account Isn't Verified!

In order to create a playlist on Sporcle, you need to verify the email address you used during registration. Go to your Sporcle Settings to finish the process.